Statistics for Ten Facts about the Middle East

Click here to take the quiz!

General Stats

  • This quiz has been taken 55 times
    (49 since last reset)
  • The average score is 8 of 10

Answer Stats

HintAnswer% Correct
The dominant religion is…Islam.
100%
It is illegal for women to drive in…Saudi Arabia.
90%
The poorest country is…Yemen.
85%
Of those countries included in the definition _____ has the largest population.Iran
83%
The richest country is…Qatar.
80%
Of those countries _______ has the third smallest population.Kuwait
76%
The most common type of believers of the above religion is…Sunni.
76%
IEA(2010) defined the Middle East as _______ countries. (number)Twelve
76%
The finding of the Grail in Indiana Jones and the Last Crusade was filmed in…Jordan.
73%
Less than two countries border…Bahrain.
68%

Score Distribution

Percentile by Number Answered

Percent of People with Each Score

Your Score History

You have not taken this quiz since the last reset